000 00423nam a2200169Ia 4500
008 230524s9999 xx 000 0 und d
020 _a812030599X
082 _a612.3812
_bTOR
100 _aVincent Del Toro
245 0 _aElectrical Engineering Fundamentals
250 _a2ND
260 _aNEW DELHI
_bPrintice Hall
_c2003
300 _aXVII;921
500 _aQuantity Number: 10
650 _aElectrical
942 _cBK
999 _c8733
_d8733